000 00860cam a2200193 4500
001 WB3937-24
008 031002n2003 000 0 eng u
035 _a(Sirsi) u123820
245 _aPlanning reforms threaten countryside
260 _c2003
490 _aCPRE Press Release
_v 1 October 2003 (3)
520 _aThe CPRE has launched a "Local development frameworks" briefing in response to government plans to change local planning. It aims to highlight some guiding principles that should underlie the new system to avoid compromising the countryside. Copies of the CPRE briefing are available at http://www.cpre.org.uk. http://www.cpre.org.uk/news-releases/news-rel-2003/41-03.htm
590 _aWB
650 _aLOCAL DEVELOPMENT FRAMEWORKS
650 _aLOCAL PLANNING
650 _aCOUNTRYSIDE PLANNING
690 _aRural
_96268
942 _n0
999 _c73537
_d73537